<?xml version="1.0" encoding="UTF-8"?>
<record
    xmlns:xsi="http://www.w3.org/2001/XMLSchema-instance"
    xsi:schemaLocation="http://www.loc.gov/MARC21/slim http://www.loc.gov/standards/marcxml/schema/MARC21slim.xsd"
    xmlns="http://www.loc.gov/MARC21/slim">

  <leader>00891cam a22002651  4500</leader>
  <controlfield tag="001">sa 68001958 </controlfield>
  <controlfield tag="003">DLC</controlfield>
  <controlfield tag="005">20260227112438.0</controlfield>
  <controlfield tag="008">891122s1966    ii b     b    000 0 malo </controlfield>
  <datafield tag="010" ind1=" " ind2=" ">
    <subfield code="a">sa 68001958 </subfield>
  </datafield>
  <datafield tag="035" ind1=" " ind2=" ">
    <subfield code="a">(OCoLC)20688023</subfield>
  </datafield>
  <datafield tag="040" ind1=" " ind2=" ">
    <subfield code="a">DLC</subfield>
    <subfield code="c">WaU</subfield>
    <subfield code="d">DLC</subfield>
  </datafield>
  <datafield tag="043" ind1=" " ind2=" ">
    <subfield code="a">a-ii---</subfield>
  </datafield>
  <datafield tag="050" ind1="0" ind2="0">
    <subfield code="a">DS485.K4</subfield>
    <subfield code="b">I2 1966</subfield>
  </datafield>
  <datafield tag="100" ind1="0" ind2=" ">
    <subfield code="a">Ibn Batuta,</subfield>
    <subfield code="d">1304-1377.</subfield>
  </datafield>
  <datafield tag="240" ind1="1" ind2="0">
    <subfield code="a">Tu&#x1E25;fat al-nu&#x1E93;&#x1E93;&#x101;r f&#x12B; ghar&#x101;&#x2BC;ib al-am&#x1E63;&#x101;r wa-&#x2BB;aj&#x101;&#x2BC;ib al-asf&#x101;r.</subfield>
    <subfield code="k">Selections.</subfield>
    <subfield code="l">Malayalam</subfield>
  </datafield>
  <datafield tag="245" ind1="1" ind2="0">
    <subfield code="a">K&#x113;ra&#x1E37;a&#x1E43; ar&#x332;unn&#x16B;r&#x332;ukolla&#x1E43; munp&#x227;.</subfield>
  </datafield>
  <datafield tag="260" ind1=" " ind2=" ">
    <subfield code="a">[Trichur?</subfield>
    <subfield code="b">V. Panikkassery,</subfield>
    <subfield code="c">1966]</subfield>
  </datafield>
  <datafield tag="300" ind1=" " ind2=" ">
    <subfield code="a">187 p.</subfield>
    <subfield code="b">map.</subfield>
    <subfield code="c">18 cm.</subfield>
  </datafield>
  <datafield tag="500" ind1=" " ind2=" ">
    <subfield code="a">In Malayalam.</subfield>
  </datafield>
  <datafield tag="500" ind1=" " ind2=" ">
    <subfield code="a">Translation of a portion of the author's Tu&#x1E25;fat al-nu&#x1E93;&#x1E93;&#x101;r.</subfield>
  </datafield>
  <datafield tag="504" ind1=" " ind2=" ">
    <subfield code="a">Bibliography: p. [179]-180.</subfield>
  </datafield>
  <datafield tag="651" ind1=" " ind2="0">
    <subfield code="a">Kerala (India)</subfield>
    <subfield code="x">Description and travel.</subfield>
  </datafield>
  <datafield tag="700" ind1="1" ind2=" ">
    <subfield code="a">Panikkassery, Velayudhan,</subfield>
    <subfield code="d">1938-</subfield>
  </datafield>
  <datafield tag="999" ind1=" " ind2=" ">
    <subfield code="c">78346</subfield>
    <subfield code="d">78346</subfield>
  </datafield>
</record>
